00418nam a22001097a 4500008004100000082001600041110003900057245012400096260004500220300000900265440003400274230620b xxu||||| |||| 00| 0 eng d a323.40bHOP bThe Johns Hopkins University press aHuman Rights QuarterlybA comparative and International Journal of the Social Sciences, Humanities, and Lawcvolume 15 bThe Johns Hopkins University pressc1993 a861p nNumber 4vVolume 15x02750392